Taylor Swift - Devine la chanson sans indices #6 - Statistiques

Statistiques générales
  • Ce quiz a été pris 729 fois
  • Le résultat moyen est 167 sur 330
Statistiques - réponses
Réponse % Correct
I
99%
you
98%
You
98%
you,
98%
a
97%
the
90%
love
85%
we
85%
me
82%
be
81%
to
76%
it
75%
on
73%
my
71%
My
71%
So
70%
so
70%
for
69%
For
69%
is
69%
when
69%
Who
69%
And
68%
and
68%
in
67%
that
65%
I'm
64%
was
63%
But
60%
but
60%
it's
60%
It's
60%
This
60%
no
59%
No
59%
of
59%
have
55%
time,
55%
time
55%
like
53%
all
52%
All
52%
been
50%
if
49%
said
49%
said,
49%
never
48%
think
46%
should
45%
with
44%
'Cause
43%
I've
42%
some
42%
Stay,
42%
stay,
42%
stay
42%
Stay
42%
up
42%
get
40%
at
38%
night
38%
one
38%
just
36%
last
36%
mad,
36%
mad
36%
life
34%
I'll
33%
out
33%
because
30%
best
30%
loving
29%
about
28%
now
28%
both
27%
didn't
27%
leave
27%
quite
27%
I'd
26%
always
25%
broke
25%
talk
25%
talk"
25%
That's
25%
"That's
25%
their
25%
read
24%
"Okay,
23%
only
23%
almost
22%
pretty
22%
room
22%
sure
22%
fun"
21%
let's
21%
away
20%
gonna
20%
took
20%
funny
19%
phone
19%
those
19%
whole
19%
came
18%
threw
17%
across
16%
Before
16%
fight
16%
stayed
16%
dreams
15%
turn
15%
choice
14%
football
14%
hang
14%
morning
14%
else
13%
expecting
13%
given
13%
helmet
13%
wearing
13%
dramatic
12%
problem
12%
times
12%
hopes
11%
laughing
11%
unresolved
11%
fears,
10%
groceries
10%
hanging
10%
memorize
10%
carry
9%
dated
9%
self
8%
indulgent
7%
occurring
7%
takers
7%
Aucun quiz correspondant
Distribution des résultats
% des personnes avec chaque résultat
Percentile par nombre de réponses
Votre historique - résultats
Vous n’avez pas pris ce quiz